| 000 | 00978nam a22002777a 4500 | ||
|---|---|---|---|
| 001 | 2221 | ||
| 003 | FISKH | ||
| 005 | 20250826104432.0 | ||
| 008 | 231110b cb ||||| |||| 00| 0 eng d | ||
| 020 | _a9780439107983 | ||
| 040 |
_aFISKH _beng _cFISKH _dFISKH |
||
| 050 | _a813.54 | ||
| 082 | _aQL737.C5 | ||
| 100 | _aCole, Joanna | ||
| 245 |
_aThe truth about bats / _bChapter book |
||
| 260 |
_aNew York : _bScholastic, _c1999. |
||
| 300 |
_a70 pages : _billustrations ; _c20 cm |
||
| 490 |
_aThe magic school bus _vBook 1 |
||
| 505 | _aO | ||
| 520 | _aThe Magic School Bus takes Ms. Frizzle and her class on a trip around the United States looking for bats. During the trip the class learns many amazing facts about bats, including what they eat, where they live, how echolocation works, and more. | ||
| 521 | 8 |
_a600
_bLexile |
|
| 521 | 8 |
_aO
_bRaz-Plus |
|
| 650 |
_aBats _vJuvenile literature |
||
| 700 |
_aDegen Bruce _eillustrator |
||
| 942 |
_2ddc _cBK _n0 |
||
| 999 |
_c2221 _d2221 |
||